Risk - Gracie Abrams (All Lyrics) - Statistics

General Stats
  • This quiz has been taken 25 times
  • The average score is 361 of 443
Answer Stats
Lyrics % Correct
a
100%
I
100%
(I
100%
"I
100%
I'm
100%
it,
100%
it
100%
risk
100%
risk,
100%
the
100%
you
100%
You
100%
you,"
100%
you"
100%
be
94%
but
94%
But
94%
gonna
94%
take
94%
to
94%
actually
89%
and
89%
And
89%
do
89%
even
89%
God,
89%
in
89%
In
89%
invested,
89%
me
89%
me,
89%
No,
89%
not
89%
swim
89%
this
89%
your
89%
deep
83%
die
83%
down
83%
end,
83%
haven't
83%
jumpin'
83%
Know
83%
met
83%
out
83%
out,
83%
Said
83%
Watch
83%
wrong
83%
wrong?
83%
classic
78%
Heard
78%
here,
78%
here
78%
him
78%
hunted
78%
is
78%
it's
78%
my
78%
thing,
78%
up
78%
up)
78%
wake
78%
when
78%
work
78%
wouldn't
78%
you're
78%
at
72%
'Cause
72%
could
72%
didn't
72%
drowning,
72%
feel
72%
had
72%
like
72%
Look
72%
middle
72%
night
72%
(night)
72%
now
72%
of
72%
think
72%
touched
72%
break
67%
by
67%
don't
67%
fun
67%
get
67%
girl,
67%
jumping
67%
love
67%
more
67%
move
67%
on,
67%
right
67%
that
67%
'til
67%
With
67%
been
61%
bend
61%
can
61%
damn
61%
door,
61%
house,
61%
just
61%
kidding
61%
kidding,
61%
light
61%
mouth
61%
really
61%
stare
61%
sweet,
61%
sweet
61%
talk,
61%
tell
61%
Too
61%
too
61%
wish
61%
Wish
61%
bedroom?
56%
car,
56%
find
56%
Guess
56%
head,
56%
I'll
56%
mistake
56%
Oh,
56%
(oh,
56%
oh,
56%
oh)
56%
scared
56%
shootin'
56%
soon
56%
speak
56%
want
56%
was
56%
Why
56%
yet
56%
bad,
50%
breath
50%
can't
50%
favorite
50%
probably
50%
proud
50%
well
50%
yeah,
50%
you'll
50%
aren't
44%
boring
44%
bought
44%
comin'
44%
hold
44%
Holding
44%
Isn't
44%
Knowing
44%
someone
44%
thinkin'
44%
wanna
44%
without
44%
hate
39%
Hopelessly
39%
shakin',
33%
whoa
22%
No matching quizzes found
Score Distribution
Percent of People with Each Score
Percentile by Number Answered
Your Score History
You have not taken this quiz